书目信息 |
| 题名: |
我的名著美文: 人不是生来就要被打败的
|
|
| 作者: | 张晓坤 编著 | |
| 分册: | ||
| 出版信息: | 北京 中国纺织出版社 2019.04 |
|
| 页数: | 200页 | |
| 开本: | 21cm | |
| 丛书名: | 毕昂英语 | |
| 单 册: | ||
| 中图分类: | H319.4 | |
| 科图分类: | ||
| 主题词: | 英语--ying yu--语言读物 , 世界文学--shi jie wen xue--作品集 | |
| 电子资源: | ||
| ISBN: | 978-7-5180-5091-8 | |
| 000 | 00990nam 2200265 450 | |
| 001 | 202019134308 | |
| 005 | 20191002113834.0 | |
| 010 | @a978-7-5180-5091-8@dCNY39.80 | |
| 100 | @a20190928d2019 em y0chiy50 ea | |
| 101 | 0 | @achi@aeng |
| 102 | @aCN@b110000 | |
| 105 | @ay z 000yy | |
| 106 | @ar | |
| 200 | 1 | @a我的名著美文: 人不是生来就要被打败的@Awo de ming zhu mei wen : ren bu shi sheng lai jiu yao bei da bai de@f张晓坤编著 |
| 210 | @a北京@c中国纺织出版社@d2019.04 | |
| 215 | @a200页@d21cm | |
| 225 | 2 | @a毕昂英语@Abi ang ying yu@v532 |
| 330 | @a本书精选语言地道、内容精彩的文章, 设置了“英汉对照”、“单词解析”“语法知识点”“经典名句”四个板块, 让读者在欣赏美文、陶冶情操的同时, 学习英文, 积累词汇和语言表达。 | |
| 410 | 0 | @12001 @a毕昂英语@v532 |
| 606 | 0 | @a英语@Aying yu@j语言读物 |
| 606 | 0 | @a世界文学@Ashi jie wen xue@x作品集 |
| 690 | @aH319.4@v5 | |
| 701 | 0 | @a张晓坤@Azhang xiao kun@4编著 |
| 801 | 0 | @aCN@c20190905 |
| 905 | @a河南城建学院图书馆@dH319.4@eZ213 | |
| 我的名著美文: 人不是生来就要被打败的/张晓坤编著.-北京:中国纺织出版社,2019.04 |
| 200页;21cm.-(毕昂英语;532) |
| ISBN 978-7-5180-5091-8:CNY39.80 |
| 本书精选语言地道、内容精彩的文章, 设置了“英汉对照”、“单词解析”“语法知识点”“经典名句”四个板块, 让读者在欣赏美文、陶冶情操的同时, 学习英文, 积累词汇和语言表达。 |
| ● |
| 相关链接 |
|
|
|
正题名:我的名著美文: 人不是生来就要被打败的
索取号:H319.4/Z213
 
预约/预借
| 序号 | 登录号 | 条形码 | 馆藏地/架位号 | 状态 | 备注 |
| 1 | 1442193 | 214421936 | 语言库209/209语言库 20排1列4层/ [索取号:H319.4/Z213] | 在馆 | |
| 2 | 1442194 | 214421945 | 语言库209/209语言库 20排1列4层/ [索取号:H319.4/Z213] | 在馆 |